000
00353nam a2200133Ia 4500
008
151001s9999||||xx |||||||||||||| ||und||
100
_a
परमहंस आचार्य
245
_a
मेघनाद साहा
250
_a
1
260
_b
अरुण प्रकाशन
260
_c
2001
300
_a
71
365
_b
21
999
_c
978938
_d
978935